[Event "5th Cesme Open 2017"]
[Site "Cesme"]
[Date "2017.06.13"]
[Round "3.16"]
[White "Gokerkan, Cem Kaan"]
[Black "Kerem, Halil Ozgun"]
[Result "1-0"]
[WhiteElo "2333"]
[BlackElo "2050"]
[Annotator "ChessBase"]
[PlyCount "121"]
[EventType "swiss"]
[EventCountry "TUR"]
[SourceTitle "playchess.com"]
[Source "ChessBase"]
[SourceQuality "1"]
[TimeControl "5400+30"]

1. e4 {[%emt 0:03:30]} c5 {[%emt 0:01:00]} 2. Nf3 {[%emt 0:01:30]} d6 {[%emt 0:00:00]} 3. d4 {[%emt 0:00:30]} cxd4 {[%emt 0:00:00]} 4. Nxd4 {[%emt 0:00:30]} Nf6 {[%emt 0:00:00]} 5. Nc3 {[%emt 0:02:30]} a6 {[%emt 0:00:00]} 6. Bg5 {[%emt 0:00:30]} e6 {[%emt 0:00:30]} 7. f4 {[%emt 0:00:00]} Nbd7 {[%emt 0:00:00]} 8. Qe2 {[%emt 0:01:00]} Qc7 {[%emt 0:00:00]} 9. O-O-O {[%emt 0:00:30]} b5 {[%emt 0:00:30]} 10. a3 {[%emt 0:00:30]} Bb7 {[%emt 0:00:00]} 11. g4 {[%emt 0:00:30]} Be7 {[%emt 0:00:00]} 12. Bg2 {[%emt 0:04:30]} Qc4 {[%emt 0:00:00] [%clk 1:35]} 13. Qxc4 {[%emt 0:06:30]} bxc4 {[%emt 0:00:00]} 14. Bf3 {[%emt 0:05:30]} h6 {[%emt 0:16:30]} 15. Bxf6 {[%emt 0:02:30]} Bxf6 {[%emt 0:00:30]} 16. h4 {[%emt 0:03:30]} g5 {[%emt 0:08:30]} 17. hxg5 {[%emt 0:05:30]} hxg5 {[%emt 0:00:30]} 18. Rxh8+ {[%emt 0:01:30]} Bxh8 {[%emt 0:00:30]} 19. f5 {[%emt 0:01:30]} Nc5 {[%emt 0:14:30]} 20. fxe6 {[%emt 0:02:30]} fxe6 {[%emt 0:00:30]} 21. Be2 {[%emt 0:00:30]} d5 {[%emt 0:05:30]} 22. exd5 {[%emt 0:01:30]} exd5 {[%emt 0:00:30]} 23. Bf3 {[%emt 0:02:30]} O-O-O {[%emt 0:00:30]} 24. Nce2 {[%emt 0:00:30]} Bf6 {[%emt 0:04:30]} 25. Nf5 {[%emt 0:06:30]} Ne6 {[%emt 0:03:30]} 26. Ne3 {[%emt 0:04:30]} Nc7 {[%emt 0:03:30]} 27. Nd4 {[%emt 0:00:30]} Bxd4 {[%emt 0:02:30]} 28. Rxd4 {[%emt 0:01:30]} Ne6 {[%emt 0:00:00]} 29. Rd1 {[%emt 0:00:30]} Nf4 {[%emt 0:04:00]} 30. Nxc4 {[%emt 0:00:30]} d4 {[%emt 0:00:00]} 31. Bxb7+ {[%emt 0:01:30]} Kxb7 {[%emt 0:00:00]} 32. Ne5 {[%emt 0:01:30]} Rd5 {[%emt 0:07:30]} 33. Nd3 {[%emt 0:01:30]} Ng2 {[%emt 0:00:30]} 34. Kd2 {[%emt 0:02:30]} Ne3 {[%emt 0:00:30]} 35. Rg1 {[%emt 0:00:30]} Kb6 {[%emt 0:01:30]} 36. b3 {[%emt 0:00:30]} Rd6 {[%emt 0:02:30]} 37. Ne5 {[%emt 0:04:30]} Rh6 {[%emt 0:01:30]} 38. Nf3 {[%emt 0:00:30]} Kc5 {[%emt 0:02:30]} 39. Kd3 {[%emt 0:00:30]} Rh3 {[%emt 0:02:30]} 40. Nxg5 {[%emt 0:01:30]} Rh2 {[%emt 0:00:30]} 41. c3 {[%emt 0:01:30]} Nd5 {[%emt 0:00:30]} 42. cxd4+ {[%emt 0:00:00]} Kc6 {[%emt 0:00:30]} 43. Rc1+ {[%emt 0:03:00]} Kd7 {[%emt 0:00:30]} 44. Ne4 {[%emt 0:00:30]} Rh3+ {[%emt 0:00:00]} 45. Kc4 {[%emt 0:00:00]} Ne3+ {[%emt 0:01:00]} 46. Kb4 {[%emt 0:00:00]} Nxg4 {[%emt 0:00:30]} 47. Nc5+ {[%emt 0:00:30]} Kd6 {[%emt 0:00:00]} 48. Nxa6 {[%emt 0:00:30]} Kd5 {[%emt 0:01:00]} 49. Nc7+ {[%emt 0:00:30]} Kd6 {[%emt 0:00:00]} 50. Nb5+ {[%emt 0:00:00]} Kd5 {[%emt 0:00:00]} 51. Rc5+ {[%emt 0:00:00]} Ke4 {[%emt 0:00:00]} 52. Nc3+ {[%emt 0:02:30]} Ke3 {[%emt 0:00:00]} 53. d5 {[%emt 0:00:30]} Ne5 {[%emt 0:00:30]} 54. Rc8 {[%emt 0:00:30]} Kd4 {[%emt 0:00:30]} 55. a4 {[%emt 0:00:30]} Nd3+ {[%emt 0:00:30]} 56. Kb5 {[%emt 0:00:30]} Ne5 {[%emt 0:00:30]} 57. a5 {[%emt 0:00:30]} Rxc3 {[%emt 0:00:30]} 58. Rxc3 {[%emt 0:00:00]} Kxc3 {[%emt 0:00:00]} 59. a6 {[%emt 0:00:00]} Nf7 {[%emt 0:00:00]} 60. a7 {[%emt 0:00:30]} Nd6+ {[%emt 0:00:30]} 61. Kc6 {[%emt 0:00:00]} 1-0

[Event "5th Cesme Open 2017"]
[Site "Cesme"]
[Date "2017.06.13"]
[Round "3.17"]
[White "Kuruz, Yusuf"]
[Black "Ozen, Bahadir"]
[Result "0-1"]
[WhiteElo "1886"]
[BlackElo "2332"]
[Annotator "NA"]
[PlyCount "68"]
[EventType "swiss"]
[EventCountry "TUR"]
[SourceTitle "playchess.com"]
[Source "ChessBase"]
[SourceQuality "1"]
[TimeControl "5400+30"]

{[%evp 21,60,-12,9,-1,32,8,45,-17,-11,-37,-7,-16,-26,-23,0,-5,-20,-19,-15,-144,-139,-133,-122,-198,-192,-200,-178,-248,-202,-360,-326,-400,-394,32767,-463,-591,-593,-593,-499,-431,-529]} 1. d4 {[%emt 0:00:30]} g6 {[%emt 0:01:00]} 2. g3 {[%emt 0:01:30]} Bg7 {[%emt 0:00:30]} 3. Bg2 {[%emt 0:00:30]} d6 {[%emt 0:01:30]} 4. c4 {[%emt 0:01:30]} Nf6 {[%emt 0:00:30]} 5. Nc3 {[%emt 0:00:30]} O-O {[%emt 0:00:30]} 6. Nf3 {[%emt 0:00:30]} c6 {[%emt 0:00:30]} 7. O-O {[%emt 0:01:30]} Bf5 {[%emt 0:00:30]} 8. Nh4 {[%emt 0:04:30]} Be6 {[%emt 0:00:30]} 9. d5 {[%emt 0:01:30]} cxd5 {[%emt 0:00:00]} 10. cxd5 {[%emt 0:00:30]} Bd7 {[%emt 0:00:00] [%clk 1:30]} 11. h3 {[%emt 0:07:30]} Na6 {[%emt 0:01:30] E62: King's Indian: Fianchetto: 6...c6 and Panno Variation (6...Nc6) without ...a6} 12. Be3 {[%emt 0:00:30]} Qa5 {[%emt 0:00:30]} 13. a3 {[%emt 0:02:30] LiveBook: 7 Games} Rfc8 {[%emt 0:00:00]} 14. b4 {[%emt 0:06:30]} (14. Bd4 Qd8 15. Re1 Nc7 16. Qb3 Nh5 17. Bxg7 Kxg7 18. e4 Kg8 19. e5 dxe5 20. Rxe5 {1-0 (36) Navara,D (2742)-Suran,J (2421) Prague 2016}) 14... Qd8 $1 {[%emt 0:00:00]} 15. Rc1 {[%emt 0:04:30]} Nc7 $146 {[%emt 0:08:30]} ({Predecessor:} 15... Rc4 16. Qb3 Rac8 17. Na2 Rxc1 18. Rxc1 Rxc1+ 19. Nxc1 {½-½ (31) Svetlov,D (2396)-Klukin,K (2225) Moscow 2015}) 16. Qd3 {[%emt 0:02:30]} Qe8 {[%emt 0:01:30]} 17. Bd4 {[%emt 0:07:30]} Nb5 {[%emt 0:01:30]} 18. Nxb5 {[%emt 0:00:30]} Bxb5 {[%emt 0:00:30]} 19. Qe3 {[%emt 0:00:30]} Bc4 {[%emt 0:06:30]} 20. Bxa7 {[%emt 0:10:30]} (20. g4 $11 {remains equal.}) 20... Nxd5 {[%emt 0:01:30]} 21. Bxd5 {[%emt 0:01:30]} Bxd5 {[%emt 0:00:30]} 22. Ng2 {[%emt 0:05:30]} (22. Nf3 $17) 22... e5 {[%emt 0:02:30]} 23. Bb6 {[%emt 0:04:30]} Qe6 {[%emt 0:01:30]} 24. Kh2 {[%emt 0:01:30]} (24. Rxc8+ {was worth a try.} Qxc8 25. g4) 24... Bc4 {[%emt 0:01:30]} 25. Ba5 $2 {[%emt 0:12:30]} (25. f4) 25... d5 {[%emt 0:01:30]} 26. f4 {[%emt 0:05:55]} d4 {[%emt 0:04:30]} 27. Qe4 {[%emt 0:01:10]} Bd5 {[%emt 0:01:30]} 28. Rxc8+ {[%emt 0:00:49]} Rxc8 {[%emt 0:00:30]} 29. Qd3 {[%emt 0:06:18]} Bxg2 {[%emt 0:02:30]} 30. Kxg2 {[%emt 0:00:17]} b6 $19 {[%emt 0:00:30]} 31. Bxb6 {[%emt 0:01:38]} Qxb6 {[%emt 0:00:30]} 32. fxe5 {[%emt 0:00:22]} Bxe5 {[%emt 0:01:30]} 33. Qb3 {[%emt 0:01:04]} Qb7+ {[%emt 0:00:30]} 34. Kh2 {[%emt 0:00:23]} Rc3 {[%emt 0:00:30]} 0-1

[Event "5th Cesme Open 2017"]
[Site "Cesme"]
[Date "2017.06.13"]
[Round "3.18"]
[White "Grigoriev, Armen"]
[Black "Demirbas, Emre"]
[Result "1-0"]
[WhiteElo "2105"]
[BlackElo "1973"]
[Annotator "NA RC"]
[PlyCount "82"]
[EventType "swiss"]
[EventCountry "TUR"]
[SourceTitle "playchess.com"]
[Source "ChessBase"]
[SourceQuality "1"]
[TimeControl "5400+30"]

{[%evp 8,61,37,16,39,29,32767,32767,32767,32767,32767,32767,32767,32767,32767,32767,32767,32767,32767,56,65,67,74,71,131,82,200,192,211,162,164,154,150,32767,32767,127,114,73,73,77,99,95,116,97,139,116,181,146,134,146,152,103,83,32767,322,376]} 1. c4 {[%emt 0:00:30]} Nf6 {[%emt 0:01:00]} 2. Nc3 {[%emt 0:00:00]} g6 {[%emt 0:00:30]} 3. g3 {[%emt 0:00:00]} Bg7 {[%emt 0:00:30]} 4. Bg2 {[%emt 0:00:30]} O-O {[%emt 0:00:00]} 5. d3 {[%emt 0:01:30]} c6 {[%emt 0:01:00]} 6. e4 {[%emt 0:00:00] LiveBook: 103 Games} d6 {[%emt 0:01:30]} 7. Nge2 {[%emt 0:00:00]} Nbd7 {[%emt 0:00:30]} 8. O-O {[%emt 0:00:30]} Qc7 {[%emt 0:00:30] A16: English Opening: 1...Nf6 with ...d5} (8... e5 9. h3 a6 10. Be3 b5 11. b4 Rb8 12. cxb5 axb5 13. a4 bxa4 14. Qxa4 Bb7 15. Qc2 Qe7 16. Ra7 Rfc8 17. Na4 Ba8 18. Nb6 {1-0 (18) Cvetkovic,S (2395)-Masic,P (2372) Belgrade 2012}) 9. h3 {[%emt 0:00:00]} a6 {[%emt 0:00:00]} 10. a4 {[%emt 0:01:00]} Rb8 $146 {[%emt 0:08:00]} ({Predecessor:} 10... e5) 11. a5 {[%emt 0:00:30]} b5 {[%emt 0:01:30]} 12. axb6 {[%emt 0:00:00]} Nxb6 {[%emt 0:00:30] [%clk 1:21]} 13. Be3 {[%emt 0:04:00]} c5 {[%emt 0:04:30]} 14. Qd2 {[%emt 0:01:30]} Bb7 {[%emt 0:08:30]} 15. Rfb1 {[%emt 0:10:30]} a5 {[%emt 0:01:30]} (15... Nfd7 $14) 16. Nb5 {[%emt 0:00:00]} Qc6 {[%emt 0:01:30]} (16... Qd7 $16) 17. Rxa5 {[%emt 0:01:00]} Ra8 {[%emt 0:00:30]} 18. Rba1 {[%emt 0:01:30]} Nfd7 {[%emt 0:01:30]} 19. Rxa8 {[%emt 0:00:30]} Rxa8 {[%emt 0:00:30]} 20. Rxa8+ {[%emt 0:00:00]} Nxa8 {[%emt 0:00:30]} 21. b3 {[%emt 0:03:00]} Nc7 {[%emt 0:02:30]} 22. Nbc3 {[%emt 0:04:30]} (22. Qa5 $142 Nxb5 23. cxb5) 22... Qb6 {[%emt 0:01:30]} 23. Qd1 {[%emt 0:02:30]} Qa5 {[%emt 0:04:30]} 24. Nd5 {[%emt 0:02:30]} Nxd5 {[%emt 0:01:30]} 25. exd5 {[%emt 0:00:30]} Qa2 {[%emt 0:04:30]} 26. d4 {[%emt 0:04:30]} cxd4 {[%emt 0:00:30]} (26... Qa3 $16 27. h4 Bc8) 27. Bxd4 {[%emt 0:04:30]} Bxd4 {[%emt 0:01:30]} 28. Nxd4 {[%emt 0:00:00]} Nc5 {[%emt 0:00:30]} 29. Bf1 {[%emt 0:01:00]} (29. b4 $18 Nd7 30. Bf1) 29... Qb2 {[%emt 0:02:30]} 30. Nc6 {[%emt 0:10:30]} Bxc6 $18 {[%emt 0:04:30]} (30... Qxb3 $14 31. Nxe7+ Kf8 32. Qxb3 Nxb3) 31. dxc6 {[%emt 0:00:30]} Ne6 {[%emt 0:00:30]} 32. c5 {[%emt 0:01:30]} Qa3 {[%emt 0:00:30]} 33. cxd6 {[%emt 0:00:30]} exd6 {[%emt 0:00:30]} 34. Bc4 {[%emt 0:01:30]} Qc5 {[%emt 0:02:30]} 35. Qf3 {[%emt 0:00:30]} Kg7 {[%emt 0:00:30]} 36. h4 {[%emt 0:00:30]} h5 {[%emt 0:00:30]} 37. Bd5 {[%emt 0:03:30]} Nd8 {[%emt 0:00:30]} 38. b4 {[%emt 0:00:00]} Qc1+ {[%emt 0:00:30]} 39. Kg2 {[%emt 0:00:00]} f6 {[%emt 0:01:30]} 40. Qe4 {[%emt 0:00:30]} Kf8 {[%emt 0:01:30]} 41. Qxg6 {[%emt 0:00:30]} Nxc6 {[%emt 0:00:00]} 1-0

[Event "5th Cesme Open 2017"]
[Site "Cesme"]
[Date "2017.06.13"]
[Round "3.19"]
[White "Haznedaroglu, Kivanc"]
[Black "Aydinalp, Suhel"]
[Result "1-0"]
[WhiteElo "2501"]
[BlackElo "1842"]
[Annotator "TA"]
[PlyCount "91"]
[EventType "swiss"]
[EventCountry "TUR"]
[SourceTitle "playchess.com"]
[Source "ChessBase"]
[SourceQuality "1"]

{[%evp 21,91,-4,20,-10,-11,-39,0,0,11,0,10,-5,21,20,28,34,30,26,29,25,87,99,91,88,92,45,135,141,132,135,246,179,187,178,179,164,172,156,240,218,213,198,199,191,225,179,184,98,97,113,197,179,186,159,161,156,146,128,253,248,29985,29986,29991,29992,29992,29993,29993,29988,29994,29995,29995,29996]} 1. d4 Nf6 2. c4 g6 3. g3 d5 4. Bg2 Bg7 5. Nf3 O-O 6. O-O dxc4 7. Na3 c3 8. bxc3 c5 9. e3 Nc6 10. Nc4 {D77: Fianchetto Grünfeld: 6 0-0: Replies other than 6...c6} (10. Qe2 Bf5 11. Bb2 Qb6 12. Rfc1 Rfd8 13. Nc4 Qa6 14. a4 Na5 15. Nfd2 Be6 16. Bf1 Bxc4 17. Nxc4 Nb3 18. Qf3 Nxa1 19. Rxa1 cxd4 20. cxd4 {0-1 (28) Van Kampen,R (2643)-Gharamian,T (2626) Germany 2017}) 10... Be6 11. Nce5 Bd5 {LiveBook: 3 Games} 12. Nxc6 {The position is equal.} (12. c4 $5 {[%cal Rc4d5]} Be4 13. Bb2 $11) 12... Bxc6 13. Ba3 cxd4 14. cxd4 $146 ({Predecessor:} 14. exd4 Re8 15. c4 e6 16. Ne5 Bxg2 17. Kxg2 Rc8 {1-0 (47) Zlatanovic,Z (2210)-Tadic,K (2069) Paracin 2013}) 14... Re8 15. Rc1 Rc8 16. Qb3 {[#] Black must now prevent Ne5.} e6 17. Ne5 {[%cal Rg2c6]} Bxg2 18. Kxg2 Qd5+ 19. Qxd5 Nxd5 20. Nc4 $36 {[%mdl 2048] White fights for an advantage.} a6 (20... Ra8 $11 {keeps the balance.}) 21. Nd6 $16 Rxc1 22. Rxc1 Rb8 23. Nxb7 Rxb7 ({Better is} 23... Bxd4 $1 $14 24. Nd6 Be5) 24. Rc8+ Bf8 25. Bxf8 {[%cal Rf8h6][%mdl 4096] [#] Endgame KRB-KRN} f6 (25... f5 $16 26. Ba3+ Kf7 27. Rf8+ Kg7) 26. Ba3+ Kf7 27. Rh8 Kg7 28. Ra8 Rb6 29. Kf3 h5 (29... Nc3 $16 {keeps fighting.} 30. Bf8+ Kf7) 30. Ra7+ Kg8 31. Bc5 Rc6 32. a3 f5 33. Ra8+ Kg7 34. h3 (34. e4 $18 fxe4+ 35. Kxe4) 34... g5 35. g4 fxg4+ (35... hxg4+ $16 36. hxg4 Nf6) 36. hxg4 $18 h4 37. Rd8 Nc3 38. Bd6 Nd1 39. Be5+ Kg6 (39... Kf7 $16) 40. d5 {[%cal Bd4d5,Bd5e6,Be6e7][%mdl 32]} Rc2 $2 (40... exd5 $18 41. Rxd5 Nc3 42. Bxc3 Rxc3 43. Rd6+ Kf7 44. Rxa6 Ke7) 41. dxe6 {White mates.} Rxf2+ 42. Ke4 Rf1 43. Rg8+ Kh6 44. Rh8+ Kg6 45. e7 Nf2+ 46. Kd5 {Precision: White = 55%, Black = 29%.} 1-0

[Event "5th Cesme Open 2017"]
[Site "Cesme"]
[Date "2017.06.13"]
[Round "3.20"]
[White "Morchiashvili, Bachana"]
[Black "Unlu, Alp Bugra"]
[Result "1-0"]
[WhiteElo "2403"]
[BlackElo "1887"]
[Annotator "ChessBase"]
[PlyCount "60"]
[EventType "swiss"]
[EventCountry "TUR"]
[SourceTitle "playchess.com"]
[Source "ChessBase"]
[SourceQuality "1"]
[TimeControl "5400+30"]

1. d4 {[%emt 0:00:30]} Nf6 {[%emt 0:01:00]} 2. c4 {[%emt 0:00:00]} g6 {[%emt 0:00:00]} 3. Nc3 {[%emt 0:00:00]} Bg7 {[%emt 0:00:00]} 4. Nf3 {[%emt 0:00:30]} O-O {[%emt 0:00:00]} 5. e4 {[%emt 0:00:30]} d6 {[%emt 0:00:00]} 6. h3 {[%emt 0:00:30]} e5 {[%emt 0:00:00]} 7. d5 {[%emt 0:00:30]} a5 {[%emt 0:00:00]} 8. Bg5 {[%emt 0:00:30]} Na6 {[%emt 0:00:30]} 9. Nd2 {[%emt 0:00:00]} Qe8 {[%emt 0:02:30]} 10. Be2 {[%emt 0:02:00]} h6 {[%emt 0:07:30]} 11. Be3 {[%emt 0:00:00]} Nd7 {[%emt 0:01:30]} 12. g4 {[%emt 0:02:00]} Ndc5 {[%emt 0:00:30] [%clk 1:23]} 13. Nb3 {[%emt 0:02:30]} f5 {[%emt 0:08:30]} 14. Nxc5 {[%emt 0:02:30]} Nxc5 {[%emt 0:00:30]} 15. gxf5 {[%emt 0:04:30]} gxf5 {[%emt 0:01:30]} 16. Rg1 {[%emt 0:03:30]} Rf6 {[%emt 0:03:30]} 17. exf5 {[%emt 0:01:30]} Bxf5 {[%emt 0:00:30]} 18. Qd2 {[%emt 0:00:00]} Kh8 {[%emt 0:02:30]} 19. O-O-O {[%emt 0:04:00]} Rg6 {[%emt 0:27:30]} 20. h4 {[%emt 0:09:30]} Rxg1 {[%emt 0:22:30]} 21. Rxg1 {[%emt 0:01:30]} Qf8 {[%emt 0:00:30]} 22. Rg3 {[%emt 0:10:30]} Qf6 {[%emt 0:02:30]} 23. h5 {[%emt 0:06:30]} e4 {[%emt 0:05:20]} 24. Nb5 {[%emt 0:01:30]} Nd7 {[%emt 0:09:49]} 25. Nxc7 {[%emt 0:17:30]} Rc8 {[%emt 0:01:25]} 26. Ne6 {[%emt 0:00:30]} Bxe6 {[%emt 0:00:16]} 27. Rg6 {[%emt 0:00:30]} Qf8 {[%emt 0:03:07]} 28. Bxh6 {[%emt 0:01:30]} Bxh6 {[%emt 0:00:26]} 29. Rxh6+ {[%emt 0:00:30]} Kg8 {[%emt 0:00:09]} 30. Qg5+ {[%emt 0:00:00]} Kf7 {[%emt 0:00:08]} 1-0

[Event "5th Cesme Open 2017"]
[Site "Cesme"]
[Date "2017.06.13"]
[Round "3.21"]
[White "Daloglu, Berkay"]
[Black "Alkan, Sukru"]
[Result "0-1"]
[WhiteElo "1659"]
[BlackElo "1571"]
[Annotator "NA"]
[PlyCount "116"]
[EventType "swiss"]
[EventCountry "TUR"]
[SourceTitle "playchess.com"]
[Source "ChessBase"]
[SourceQuality "1"]
[TimeControl "5400+30"]

1. Nf3 {[%emt 0:00:30]} d5 {[%emt 0:01:00]} 2. c4 {[%emt 0:00:30]} c6 {[%emt 0:00:00]} 3. b3 {[%emt 0:00:30]} Bf5 {[%emt 0:00:00]} 4. Bb2 {[%emt 0:00:30]} e6 {[%emt 0:00:30]} 5. g3 {[%emt 0:00:00]} Nf6 {[%emt 0:00:30]} 6. Bg2 {[%emt 0:00:00]} Be7 {[%emt 0:00:00]} 7. O-O {[%emt 0:02:30]} h6 {[%emt 0:00:00]} 8. d3 {[%emt 0:01:30]} O-O {[%emt 0:03:30]} 9. Nbd2 {[%emt 0:02:30]} Nbd7 {[%emt 0:00:00]} 10. Re1 {[%emt 0:01:30]} Bh7 {[%emt 0:01:00] [%clk 1:29]} 11. Rc1 {[%emt 0:14:30]} Re8 {[%emt 0:00:30]} 12. d4 {[%emt 0:08:30]} Ne4 {[%emt 0:01:30]} 13. Nxe4 {[%emt 0:02:30]} Bxe4 {[%emt 0:01:30]} 14. Nd2 {[%emt 0:00:30]} Bxg2 {[%emt 0:02:30]} 15. Kxg2 {[%emt 0:00:30]} Bb4 {[%emt 0:00:30]} 16. a3 {[%emt 0:00:30]} Ba5 {[%emt 0:00:30]} 17. b4 {[%emt 0:00:30]} Bc7 {[%emt 0:00:30]} 18. e4 {[%emt 0:01:30]} dxc4 {[%emt 0:07:30]} 19. Nxc4 {[%emt 0:01:30]} Nb6 {[%emt 0:00:30]} 20. Qc2 {[%emt 0:08:30]} Qg5 {[%emt 0:03:30]} 21. Qd2 {[%emt 0:20:30]} Qb5 {[%emt 0:08:30]} 22. Qe2 {[%emt 0:10:30]} Rad8 {[%emt 0:01:30]} 23. Na5 {[%emt 0:02:12]} Qxe2 {[%emt 0:02:30]} 24. Rxe2 {[%emt 0:00:08]} Na4 {[%emt 0:00:30]} 25. Nxb7 {[%emt 0:01:49]} Rd7 {[%emt 0:00:30]} 26. Rxc6 {[%emt 0:05:47]} Nxb2 {[%emt 0:00:30]} 27. Rxb2 {[%emt 0:00:01]} Bb6 {[%emt 0:00:30]} 28. Nd6 {[%emt 0:04:29]} Red8 {[%emt 0:00:30]} 29. Nb5 {[%emt 0:04:55]} Bxd4 {[%emt 0:00:30]} 30. Rbc2 {[%emt 0:00:32]} Bb6 {[%emt 0:00:30]} 31. a4 {[%emt 0:02:19]} Rd2 {[%emt 0:00:30]} 32. Rc8 {[%emt 0:02:48]} Rxc2 {[%emt 0:03:30]} 33. Rxc2 {[%emt 0:00:31]} a6 {[%emt 0:00:30]} 34. Nc7 {[%emt 0:00:54]} Rc8 {[%emt 0:00:30]} 35. Rc6 {[%emt 0:00:25]} Bxc7 {[%emt 0:00:30]} 36. b5 {[%emt 0:00:12]} axb5 {[%emt 0:00:30]} 37. axb5 {[%emt 0:00:00]} Rb8 {[%emt 0:00:30]} 38. Rxc7 {[%emt 0:00:29]} Rxb5 {[%emt 0:00:30]} 39. Rc8+ {[%emt 0:00:30]} Kh7 {[%emt 0:00:30]} 40. h4 {[%emt 0:00:35]} h5 {[%emt 0:00:00]} 41. Kf3 {[%emt 0:00:08]} Kg6 {[%emt 0:00:00]} 42. Rc4 {[%emt 0:01:24]} f6 {[%emt 0:00:30]} 43. g4 {[%emt 0:00:30]} Rb3+ {[%emt 0:00:30]} 44. Kg2 {[%emt 0:00:44]} hxg4 {[%emt 0:00:30]} 45. e5 {[%emt 0:00:35]} Kf5 {[%emt 0:00:30]} 46. exf6 {[%emt 0:00:25]} gxf6 {[%emt 0:00:30]} 47. Rc7 {[%emt 0:00:19]} Rh3 {[%emt 0:00:30]} 48. Rh7 {[%emt 0:00:15]} e5 {[%emt 0:00:30]} 49. Rh8 {[%emt 0:00:21]} e4 {[%emt 0:01:30]} 50. Rh7 {[%emt 0:00:51]} e3 {[%emt 0:00:30]} 51. fxe3 {[%emt 0:00:35]} Rxe3 {[%emt 0:00:00]} 52. Rh8 {[%emt 0:00:41]} Kf4 {[%emt 0:00:00]} 53. Rg8 {[%emt 0:00:33]} Rh3 {[%emt 0:00:30]} 54. Rh8 {[%emt 0:00:25]} f5 {[%emt 0:00:30]} 55. Rh7 {[%emt 0:00:28]} Ra3 {[%emt 0:00:30]} 56. Rb7 {[%emt 0:00:34]} Ra2+ {[%emt 0:00:00]} 57. Kh1 {[%emt 0:00:31]} Kg3 {[%emt 0:00:00]} 58. Rf7 {[%emt 0:00:30]} Ra1# {[%emt 0:00:30]} 0-1

[Event "5th Cesme Open 2017"]
[Site "Cesme"]
[Date "2017.06.13"]
[Round "3.22"]
[White "Katipoglu, Engin"]
[Black "Ekici, Caner"]
[Result "1/2-1/2"]
[WhiteElo "1569"]
[BlackElo "1681"]
[Annotator "NA RC"]
[PlyCount "112"]
[EventType "swiss"]
[EventCountry "TUR"]
[SourceTitle "playchess.com"]
[Source "ChessBase"]
[SourceQuality "1"]
[TimeControl "5400+30"]

1. d4 {[%emt 0:00:30]} d5 {[%emt 0:01:00]} 2. Bf4 {[%emt 0:00:00]} Nf6 {[%emt 0:00:00]} 3. e3 {[%emt 0:00:00]} c6 {[%emt 0:00:00]} 4. c4 {[%emt 0:00:30]} e6 {[%emt 0:01:30]} 5. Nc3 {[%emt 0:02:30]} Nbd7 {[%emt 0:00:30]} 6. Nf3 {[%emt 0:00:30]} Be7 {[%emt 0:00:30]} 7. h3 {[%emt 0:00:30]} O-O {[%emt 0:00:00]} 8. Bd3 {[%emt 0:01:30]} dxc4 {[%emt 0:09:00] [%clk 1:22]} 9. Bxc4 {[%emt 0:04:30]} b5 {[%emt 0:00:30]} 10. Bd3 {[%emt 0:01:30]} Bb7 {[%emt 0:00:30]} 11. O-O {[%emt 0:02:30]} a5 {[%emt 0:13:30]} 12. Rc1 {[%emt 0:05:30]} Qb6 {[%emt 0:02:30]} 13. e4 {[%emt 0:08:30]} Rfd8 {[%emt 0:01:30]} 14. Be3 {[%emt 0:01:30]} Ba6 {[%emt 0:08:30]} 15. Qe2 {[%emt 0:08:30]} Qb7 {[%emt 0:02:30]} 16. e5 {[%emt 0:09:30]} Nd5 {[%emt 0:08:30]} 17. Nxd5 {[%emt 0:14:30]} cxd5 {[%emt 0:00:30]} 18. Ng5 {[%emt 0:00:30]} Nf8 {[%emt 0:05:30]} 19. Qh5 {[%emt 0:03:30]} Bxg5 {[%emt 0:02:30]} 20. Bxg5 {[%emt 0:00:30]} Rdc8 {[%emt 0:00:30]} 21. Qg4 {[%emt 0:11:30]} b4 {[%emt 0:04:30]} 22. Bxa6 {[%emt 0:00:30]} Qxa6 {[%emt 0:00:30]} 23. h4 {[%emt 0:00:30]} Rc4 {[%emt 0:10:30]} 24. h5 {[%emt 0:00:30]} Rac8 {[%emt 0:00:00]} 25. Bf6 {[%emt 0:04:11]} g6 {[%emt 0:16:29]} 26. Qf4 {[%emt 0:01:53]} Rxc1 {[%emt 0:00:09]} 27. Rxc1 {[%emt 0:02:13]} Rxc1+ {[%emt 0:00:01]} 28. Qxc1 {[%emt 0:00:12]} Qe2 {[%emt 0:00:02]} 29. Qh6 {[%emt 0:00:19]} Qd1+ {[%emt 0:00:03]} 30. Kh2 {[%emt 0:01:25]} Qxh5+ {[%emt 0:00:02]} 31. Qxh5 {[%emt 0:00:09]} gxh5 {[%emt 0:00:06]} 32. b3 {[%emt 0:00:19]} Nd7 {[%emt 0:01:53]} 33. Bd8 {[%emt 0:00:14]} Nb8 {[%emt 0:00:03]} 34. Bxa5 {[%emt 0:00:07]} Nc6 {[%emt 0:00:01]} 35. Bb6 {[%emt 0:00:20]} Kg7 {[%emt 0:00:01]} 36. Kg3 {[%emt 0:00:52]} Kg6 {[%emt 0:00:08]} 37. Kh4 {[%emt 0:01:20]} Ne7 {[%emt 0:00:51]} 38. Bc5 {[%emt 0:01:05]} Nc6 {[%emt 0:00:02]} 39. f3 {[%emt 0:00:53]} Kh6 {[%emt 0:00:02]} 40. Kg3 {[%emt 0:04:51]} Kg5 {[%emt 0:00:16]} 41. f4+ {[%emt 0:00:14]} Kf5 {[%emt 0:00:24]} 42. Kf3 {[%emt 0:00:56]} h4 {[%emt 0:00:16]} 43. Bb6 {[%emt 0:02:48]} Nb8 {[%emt 0:02:09]} 44. Ba5 {[%emt 0:02:27]} Nc6 {[%emt 0:00:07]} 45. Bb6 {[%emt 0:00:03]} Nb8 {[%emt 0:00:08]} 46. Ba5 {[%emt 0:00:02]} Nc6 {[%emt 0:00:09]} 47. Bb6 {[%emt 0:00:16]} Nb8 {[%emt 0:00:14]} 48. Bc7 {[%emt 0:00:03]} Nc6 {[%emt 0:00:05]} 49. Bb6 {[%emt 0:00:02]} Nb8 {[%emt 0:00:12]} 50. Bc7 {[%emt 0:00:07]} Nc6 {[%emt 0:00:03]} 51. Bb6 {[%emt 0:00:03]} Nb8 {[%emt 0:00:05]} 52. Ba7 {[%emt 0:00:18]} Nc6 {[%emt 0:00:04]} 53. Bc5 {[%emt 0:00:14]} h5 {[%emt 0:00:59]} 54. Bb6 {[%emt 0:04:59]} Kg6 {[%emt 0:00:24]} 55. Bc5 {[%emt 0:00:56]} Kf5 {[%emt 0:00:01]} 56. Bb6 {[%emt 0:00:13]} Kg6 {[%emt 0:00:02]} 1/2-1/2